| 000 | 02515cad a22003015a 4500 | ||
|---|---|---|---|
| 001 | E144054 | ||
| 008 | 080612s20070312stk f s000 0 eng d | ||
| 035 | _a(Sirsi) u144054 | ||
| 041 | 0 | _aeng | |
| 050 | 0 | 4 | _a711.4 $2 18 |
| 110 | 2 |
_aScottish Executive Development Department _93786 |
|
| 245 | 0 | 0 |
_aCommunity Engagement _bplanning with people _h[electronic resource] |
| 260 |
_aEdinburgh _bScottish Executive _c2007 |
||
| 300 |
_aiv, 60p. _c30cm. |
||
| 490 | 0 | _aPlanning Advice Note | |
| 505 | 2 | _aCommunity engagement in planning - what it is and why it is important | |
| 505 | 2 | _aRoles and responsibilities: The role of Scottish Ministers -- The role of the planning authority -- The role of councillors -- The role of applicants and their agents -- The role of community councils, voluntary, interest and amenity groups -- The role of key agencies and statutory consultees | |
| 505 | 2 | _aWhat the community can expect from the planning process | |
| 505 | 2 | _aDelivering effective community engagement and land use in planning: Standard 1: involvement -- Standard 2: support -- Standard 3: planning -- Standard 4: methods -- Standard 5: working together -- Standard 6: sharing information -- Standard 7: working with others -- Standard 8: improvement -- Standard 9: feedback -- Standard 10: monitoring and evaluation | |
| 505 | 2 | _aSupport for community engagament in planning: Training for communities -- Training for planning authorities and elected members -- Sources of information and advice -- E-planning efficient government programme | |
| 520 | _aThis PAN was produced with the advice of stakeholders from planning authorities; Planning Aid for Scotland; the Royal Town Planning Institute, local community groups and the development industry. It discusses the changes to the Scottish planning system brought about the the enactment of the Planning etc. (Scotland) Act 2006 and states that the planning process must be reformed to involve more people. Barriers to engaging the planning process are addressed, from inaccessibility of documents to lack of expertise and 'consultation fatigue' and the PAN seeks to show how everyone can take part in shaping the future of their local areas. | ||
| 521 | _aAdvanced | ||
| 590 | _aKA | ||
| 651 | 4 |
_aScotland _y1999- |
|
| 690 | _aENVIRONMENTAL AND LAND CONSULTANCY-PLANNING AND DEVELOPMENT-PLANNING REFORM | ||
| 856 | 4 | 8 |
_uhttps://www.scotland.gov.uk/Resource/Doc/169453/0047204.pdf _zView the item free of charge at www.scotland.gov.uk |
| 942 | _n0 | ||
| 999 |
_c108367 _d108367 |
||